[Event "DEM U16w 2009"]
[Site "Willingen GER"]
[Date "2009.05.31"]
[Round "2"]
[White "Müller, Alexandra"]
[Black "Schulz, Anja"]
[Result "0-1"]
[Termination "normal"]
[Board "4"]
[WhiteElo "1561"]
[BlackElo "1995"]
[PlyCount "76"]
[WhiteFideId "24691496"]
[BlackFideId "24647845"]
[EventCountry "GER"]
[EventRounds "9"]
[EventType "swiss"]
[EventDate "2009.05.30"]

1. e4 c5 2. Nf3 d6 3. d4 cxd4 4. Nxd4 Nf6 5. Nc3 a6 6. Be3 e5 7. Nb3 Be6 8. Qd2
Be7 9. f3 O-O 10. O-O-O Nbd7 11. g4 b5 12. g5 b4 13. Ne2 Ne8 14. h4 a5 15. Kb1
a4 16. Nbc1 Qb8 17. Bh3 Nc7 18. Bxe6 fxe6 19. f4 Qb7 20. Ng3 d5 21. f5 d4 22.
Bf2 Nb5 23. Ka1 Nd6 24. fxe6 Nc5 25. Qe2 b3 26. cxb3 axb3 27. a3 Ndxe4 28. Be1
Bd6 29. Rh3 Nc3 30. Bxc3 dxc3 31. Rxd6 Na4 32. Rd7 Qc6 33. Rxg7+ Kxg7 34. Nh5+
Kg8 35. Rxc3 Nxc3 36. Qxe5 Rxa3+ 37. bxa3 b2+ 38. Kxb2 Na4+ 0-1

[Event "DEM U16w 2009"]
[Site "Willingen GER"]
[Date "2009.05.31"]
[Round "2"]
[White "Smolkina, Milana"]
[Black "Schätz, Annika"]
[Result "1-0"]
[Termination "normal"]
[Board "5"]
[WhiteElo "1917"]
[BlackElo "1763"]
[PlyCount "59"]
[WhiteFideId "24618780"]
[BlackFideId "24674796"]
[EventCountry "GER"]
[EventRounds "9"]
[EventType "swiss"]
[EventDate "2009.05.30"]

1. e4 c5 2. Nf3 Nc6 3. d4 cxd4 4. Nxd4 Nf6 5. Nc3 d6 6. Bg5 e6 7. Qd2 a6 8.
O-O-O Qb6 9. Nb3 Bd7 10. f3 h6 11. Bf4 e5 12. Be3 Qc7 13. Nd5 Nxd5 14. exd5 Ne7
15. f4 f6 16. Qf2 Bf5 17. Bb6 Qd7 18. fxe5 fxe5 19. Bd3 Bg4 20. Rdf1 Bh5 21.
Be4 Nc8 22. Ba5 g5 23. Bf5 Qe7 24. Nd4 Bf7 25. Ne6 Bxe6 26. Bg6+ Kd7 27. dxe6+
Kc6 28. Qf3+ d5 29. Rd1 Qxe6 30. Bf7 1-0

[Event "DEM U16w 2009"]
[Site "Willingen GER"]
[Date "2009.05.31"]
[Round "2"]
[White "Stitterich, Nadine"]
[Black "Velina, Valeria"]
[Result "1-0"]
[Termination "normal"]
[Board "6"]
[WhiteElo "1918"]
[BlackElo "1782"]
[PlyCount "80"]
[WhiteFideId "24676527"]
[BlackFideId "24677345"]
[EventCountry "GER"]
[EventRounds "9"]
[EventType "swiss"]
[EventDate "2009.05.30"]

1. e4 c6 2. d4 d5 3. Nc3 dxe4 4. Nxe4 Bf5 5. Ng3 Bg6 6. h4 h6 7. h5 Bh7 8. Nf3
Nd7 9. Bd3 Bxd3 10. Qxd3 e6 11. Bd2 Qc7 12. O-O-O Ngf6 13. Qe2 O-O-O 14. Ne5
Nxe5 15. dxe5 Nd5 16. c4 Nb6 17. Ba5 Be7 18. f4 Rxd1+ 19. Rxd1 Rd8 20. Ne4
Rxd1+ 21. Qxd1 Qd7 22. b3 Qxd1+ 23. Kxd1 Nd7 24. Bc3 Nc5 25. Nxc5 Bxc5 26. Ke2
Kd7 27. g4 g6 28. Kf3 Bf8 29. Ke4 c5 30. a3 b6 31. b4 a6 32. b5 a5 33. hxg6
fxg6 34. Be1 Be7 35. a4 Bd8 36. Bd2 Be7 37. f5 exf5+ 38. gxf5 gxf5+ 39. Kxf5
Bf8 40. Bf4 h5 1-0

[Event "DEM U16w 2009"]
[Site "Willingen GER"]
[Date "2009.05.31"]
[Round "2"]
[White "Anker, Christin"]
[Black "Stark, Saskia"]
[Result "1-0"]
[Termination "normal"]
[Board "7"]
[WhiteElo "1886"]
[BlackElo "1936"]
[PlyCount "73"]
[WhiteFideId "1615688"]
[BlackFideId "4601050"]
[EventCountry "GER"]
[EventRounds "9"]
[EventType "swiss"]
[EventDate "2009.05.30"]

1. e4 c5 2. Nf3 e6 3. d4 cxd4 4. Nxd4 a6 5. Bd3 Nf6 6. O-O Qc7 7. Qe2 d6 8. Bd2
Nbd7 9. a4 b6 10. Nc3 Bb7 11. f4 Be7 12. Rae1 Nc5 13. e5 Nxd3 14. Qxd3 dxe5 15.
fxe5 Nd7 16. Qg3 Bc5 17. Qf4 Bxd4+ 18. Qxd4 Qc5 19. Qxc5 Nxc5 20. Be3 Rc8 21.
Rd1 Ke7 22. Bg5+ Ke8 23. Rd6 h6 24. Be3 Nd7 25. Rxf7 Kxf7 26. Rxd7+ Kg6 27.
Rxb7 Rb8 28. Rxb6 Rxb6 29. Bxb6 Rb8 30. a5 Kf5 31. Kf2 Rc8 32. Bd4 Rc4 33. Ke3
g5 34. Kd3 Rb4 35. Ne4 Ra4 36. Nd6+ Kg6 37. c4 1-0

[Event "DEM U16w 2009"]
[Site "Willingen GER"]
[Date "2009.05.31"]
[Round "2"]
[White "Micklich, Rahel"]
[Black "Sonnhalter, Stella"]
[Result "1-0"]
[Termination "normal"]
[Board "8"]
[WhiteElo "1779"]
[BlackElo "1766"]
[PlyCount "39"]
[WhiteFideId "24639184"]
[BlackFideId "4624815"]
[EventCountry "GER"]
[EventRounds "9"]
[EventType "swiss"]
[EventDate "2009.05.30"]

1. e4 c5 2. Nc3 Nc6 3. f4 e6 4. Nf3 Nge7 5. a3 g6 6. b4 cxb4 7. axb4 Nxb4 8.
Ba3 Nec6 9. e5 d6 10. Bb5 a6 11. Bxb4 axb5 12. Rxa8 Nxb4 13. Nxb5 Nd5 14. Qa1
Nb6 15. exd6 Nxa8 16. Qxh8 Bd7 17. Qb2 Bxb5 18. Qxb5+ Qd7 19. Qa5 Qd8 20. Qa4+
1-0

[Event "DEM U16w 2009"]
[Site "Willingen GER"]
[Date "2009.05.31"]
[Round "2"]
[White "Grömping, Carolin"]
[Black "Begeluri, Nino"]
[Result "1/2-1/2"]
[Termination "normal"]
[Board "9"]
[WhiteElo "1475"]
[BlackElo "1776"]
[PlyCount "50"]
[EventCountry "GER"]
[EventRounds "9"]
[EventType "swiss"]
[EventDate "2009.05.30"]

1. e4 c5 2. Nc3 Nc6 3. g3 e5 4. Bg2 Nf6 5. d3 Be7 6. Nge2 O-O 7. O-O d6 8. f4
Nd7 9. Nd5 Nb6 10. Nec3 Nxd5 11. Nxd5 b5 12. Be3 Rb8 13. Qd2 Bb7 14. Qf2 f5 15.
exf5 Rxf5 16. Be4 Rf7 17. Qg2 Nd4 18. c3 Nf5 19. Bd2 Bc8 20. Rae1 Bf6 21. fxe5
Bxe5 22. Nf4 Bb7 23. Nd5 Bc8 24. Nf4 Kh8 25. Nd5 Rf8 1/2-1/2

[Event "DEM U16w 2009"]
[Site "Willingen GER"]
[Date "2009.05.31"]
[Round "2"]
[White "Carow, Annelen"]
[Black "Jünger, Theresa"]
[Result "1-0"]
[Termination "normal"]
[Board "10"]
[WhiteElo "1661"]
[BlackElo "1575"]
[PlyCount "67"]
[WhiteFideId "24692492"]
[EventCountry "GER"]
[EventRounds "9"]
[EventType "swiss"]
[EventDate "2009.05.30"]

1. d4 Nf6 2. c4 e6 3. Nc3 b6 4. Nf3 Bb7 5. g3 Be7 6. Bg2 O-O 7. O-O d6 8. a3
Nbd7 9. b4 Ne4 10. Nxe4 Bxe4 11. Nd2 Bxg2 12. Kxg2 c5 13. Bb2 Nf6 14. e4 Qc7
15. d5 Rac8 16. b5 Qb7 17. a4 a6 18. bxa6 Qxa6 19. Qb3 Ra8 20. Bc3 Rfb8 21.
Rfb1 Qc8 22. Ra2 exd5 23. exd5 Qf5 24. a5 bxa5 25. Qxb8+ Rxb8 26. Rxb8+ Bf8 27.
Bxf6 gxf6 28. Rxa5 Qd3 29. Raa8 Qxd2 30. Rxf8+ Kg7 31. Rg8+ Kh6 32. Rg4 f5 33.
Rf4 Qe2 34. Rg8 1-0

[Event "DEM U16w 2009"]
[Site "Willingen GER"]
[Date "2009.05.31"]
[Round "2"]
[White "Garny, Annica"]
[Black "Beier, Nina"]
[Result "1/2-1/2"]
[Termination "normal"]
[Board "11"]
[WhiteElo "1604"]
[BlackElo "1393"]
[PlyCount "44"]
[WhiteFideId "24600660"]
[BlackFideId "24660434"]
[EventCountry "GER"]
[EventRounds "9"]
[EventType "swiss"]
[EventDate "2009.05.30"]

1. e4 e6 2. d4 d5 3. exd5 exd5 4. Nc3 c6 5. Nf3 Bd6 6. Bd3 h6 7. O-O Bg4 8.
Re1+ Ne7 9. Qe2 O-O 10. h3 Bh5 11. Qe3 Nd7 12. Ne5 Re8 13. g4 Bxe5 14. dxe5 Bg6
15. f4 Bxd3 16. Qxd3 Ng6 17. Bd2 Qh4 18. e6 Nc5 19. exf7+ Kxf7 20. Qf5+ Kg8 21.
Qxg6 Qg3+ 22. Kf1 Qf3+ 1/2-1/2

[Event "DEM U16w 2009"]
[Site "Willingen GER"]
[Date "2009.05.31"]
[Round "2"]
[White "Rusch, Julia"]
[Black "Harder, Anne"]
[Result "0-1"]
[Termination "normal"]
[Board "12"]
[WhiteElo "1425"]
[BlackElo "1598"]
[PlyCount "56"]
[BlackFideId "4614631"]
[EventCountry "GER"]
[EventRounds "9"]
[EventType "swiss"]
[EventDate "2009.05.30"]

1. e4 c5 2. Nf3 Nc6 3. d4 cxd4 4. Nxd4 g6 5. Nc3 Bg7 6. Be3 Nf6 7. Bc4 O-O 8.
Bb3 Qa5 9. f3 d6 10. Qd2 Bd7 11. O-O-O Rfc8 12. Kb1 Ne5 13. Bh6 Bh8 14. h4 Nc4
15. Bxc4 Rxc4 16. Qe3 b5 17. h5 b4 18. Nb3 Qe5 19. Ne2 Ng4 20. Qc1 Nxh6 21. Rd5
Qf6 22. hxg6 Bg7 23. gxh7+ Kxh7 24. Rdh5 Rac8 25. Ned4 Rxd4 26. Nxd4 Qxd4 27.
Rxh6+ Kg8 28. Qg5 Qxb2# 0-1

[Event "DEM U16w 2009"]
[Site "Willingen GER"]
[Date "2009.05.31"]
[Round "2"]
[White "Maiwald, Anja"]
[Black "Falke, Cynthia"]
[Result "1/2-1/2"]
[Termination "normal"]
[Board "13"]
[WhiteElo "1331"]
[BlackElo "1502"]
[PlyCount "91"]
[BlackFideId "24600644"]
[EventCountry "GER"]
[EventRounds "9"]
[EventType "swiss"]
[EventDate "2009.05.30"]

1. Nf3 Nc6 2. d4 d5 3. Bf4 Bf5 4. c3 Nf6 5. Nbd2 Qd7 6. e3 e6 7. Be2 Be7 8. O-O
O-O 9. Ne5 Nxe5 10. dxe5 Ne4 11. Nxe4 Bxe4 12. Bh5 f6 13. Qg4 Kh8 14. Qe2 fxe5
15. Bxe5 Bf6 16. Bd4 h6 17. Rad1 Qc6 18. f4 Qd6 19. Bf3 Bxd4 20. exd4 Rxf4 21.
Bg4 Raf8 22. Rxf4 Rxf4 23. Rf1 Rxf1+ 24. Qxf1 Qe7 25. Qf4 Bg6 26. Qe5 Bf7 27.
g3 Qd6 28. Qxd6 cxd6 29. Kf2 Kh7 30. Ke3 Kg6 31. Kf4 Kf6 32. Ke3 Kg5 33. Kf3
Bh5 34. Bxh5 Kxh5 35. Kf4 g5+ 36. Kf3 e5 37. h3 Kg6 38. g4 h5 39. Ke3 hxg4 40.
hxg4 Kf6 41. Kd3 b5 42. Kd2 Ke7 43. Ke3 Kd7 44. a3 Kc6 45. Kd3 Kb6 46. b4
1/2-1/2

[Event "DEM U16w 2009"]
[Site "Willingen GER"]
[Date "2009.06.01"]
[Round "3"]
[White "Endress, Anna"]
[Black "Smolkina, Milana"]
[Result "1/2-1/2"]
[Termination "normal"]
[Board "1"]
[WhiteElo "2066"]
[BlackElo "1917"]
[PlyCount "79"]
[WhiteFideId "24629472"]
[BlackFideId "24618780"]
[EventCountry "GER"]
[EventRounds "9"]
[EventType "swiss"]
[EventDate "2009.05.30"]

1. e4 c5 2. Nf3 d6 3. d4 cxd4 4. Nxd4 Nf6 5. Nc3 g6 6. Be3 Bg7 7. f3 O-O 8. Qd2
Nc6 9. Bc4 Bd7 10. Bb3 Ne5 11. O-O-O Rc8 12. Kb1 a6 13. h4 h5 14. Bh6 Nc4 15.
Bxc4 Rxc4 16. Nb3 Qc8 17. g4 Bh8 18. Bxf8 Kxf8 19. e5 Ne8 20. gxh5 Bxe5 21.
hxg6 fxg6 22. h5 Bf5 23. hxg6 Bxg6 24. Rdg1 Qf5 25. Rg2 e6 26. Qh6+ Kf7 27.
Rhg1 Bh7 28. Ne4 Ke7 29. Rh1 Qxf3 30. Qxh7+ Kd8 31. Ng5 Qxg2 32. Nf7+ Kc8 33.
Nxe5 dxe5 34. Rd1 Qg7 35. Qd3 Qc7 36. Qg6 Qe7 37. Rh1 Kb8 38. Rh7 Qd8 39. Rh8
Rc8 40. Rf8 1/2-1/2

[Event "DEM U16w 2009"]
[Site "Willingen GER"]
[Date "2009.06.01"]
[Round "3"]
[White "Schulz, Anja"]
[Black "Blübaum, Johanna"]
[Result "0-1"]
[Termination "normal"]
[Board "2"]
[WhiteElo "1995"]
[BlackElo "1951"]
[PlyCount "56"]
[WhiteFideId "24647845"]
[BlackFideId "24647373"]
[EventCountry "GER"]
[EventRounds "9"]
[EventType "swiss"]
[EventDate "2009.05.30"]

1. e4 e6 2. d4 d5 3. Nc3 Nf6 4. e5 Nfd7 5. f4 c5 6. Nf3 Nc6 7. Be3 Be7 8. Qd2
O-O 9. dxc5 Bxc5 10. O-O-O Qa5 11. Bxc5 Nxc5 12. h4 Bd7 13. h5 a6 14. h6 g6 15.
f5 b5 16. fxg6 fxg6 17. Kb1 b4 18. Ne2 Ne4 19. Qe3 Qc7 20. Rh3 Nxe5 21. Qd4 Rf5
22. g4 Rxf3 23. Rxf3 Ba4 24. b3 Nxf3 25. Qe3 Ne5 26. bxa4 Nc4 27. Qc1 Na3+ 28.
Kb2 Rc8 0-1

[Event "DEM U16w 2009"]
[Site "Willingen GER"]
[Date "2009.06.01"]
[Round "3"]
[White "Bochis, Julia"]
[Black "Stitterich, Nadine"]
[Result "1/2-1/2"]
[Termination "normal"]
[Board "3"]
[WhiteElo "2047"]
[BlackElo "1918"]
[PlyCount "69"]
[WhiteFideId "24647276"]
[BlackFideId "24676527"]
[EventCountry "GER"]
[EventRounds "9"]
[EventType "swiss"]
[EventDate "2009.05.30"]

1. d4 Nf6 2. c4 g6 3. g3 Bg7 4. Bg2 O-O 5. Nc3 d6 6. h3 Nc6 7. e3 e5 8. Nge2
Nd7 9. b3 Re8 10. d5 Ne7 11. e4 a5 12. Be3 Rf8 13. Qc2 f5 14. h4 Nf6 15. O-O-O
Bd7 16. Rdf1 Qe8 17. a4 Ng4 18. Bg5 h6 19. Bd2 fxe4 20. Nxe4 Nf5 21. Qd3 Nd4
22. f3 Nf6 23. Be3 Nf5 24. Bf2 h5 25. Nxf6+ Rxf6 26. g4 Ne7 27. Qe4 c6 28. Be3
cxd5 29. cxd5 hxg4 30. fxg4 Qc8+ 31. Kb2 Rxf1 32. Rxf1 Bxg4 33. Rc1 Qd7 34. Bb6
Bf5 35. Qc4 1/2-1/2

[Event "DEM U16w 2009"]
[Site "Willingen GER"]
[Date "2009.06.01"]
[Round "3"]
[White "Dorn, Carina"]
[Black "Anker, Christin"]
[Result "1-0"]
[Termination "normal"]
[Board "4"]
[WhiteElo "1793"]
[BlackElo "1886"]
[PlyCount "79"]
[WhiteFideId "24666335"]
[BlackFideId "1615688"]
[EventCountry "GER"]
[EventRounds "9"]
[EventType "swiss"]
[EventDate "2009.05.30"]

1. d4 d5 2. c4 e6 3. Nc3 Bb4 4. Bf4 Nf6 5. e3 O-O 6. Bg5 Nbd7 7. cxd5 exd5 8.
Bd3 c5 9. Nge2 cxd4 10. exd4 h6 11. Bh4 Nb6 12. O-O Bd6 13. h3 Be6 14. Nb5 Bb8
15. Rc1 a6 16. Nbc3 Bd6 17. Bb1 Re8 18. Qc2 Rc8 19. Rfe1 Nbd7 20. Qd2 Nf8 21.
Bg3 Bxg3 22. Nxg3 Qb6 23. Na4 Qd6 24. Nc5 Qb6 25. Re3 Bd7 26. Rb3 Qc7 27. Rxb7
Qd6 28. Bf5 Red8 29. Bxd7 N8xd7 30. Nf5 Qf8 31. Nxa6 Ne4 32. Qd1 Ra8 33. Qd3 g6
34. Rcc7 gxf5 35. Rxd7 Rxd7 36. Rxd7 Qc8 37. Nc5 Rxa2 38. Nxe4 Ra1+ 39. Kh2
Qb8+ 40. Qg3+ 1-0

[Event "DEM U16w 2009"]
[Site "Willingen GER"]
[Date "2009.06.01"]
[Round "3"]
[White "Micklich, Rahel"]
[Black "Nguyen Minh, Thuy"]
[Result "1-0"]
[Termination "normal"]
[Board "5"]
[WhiteElo "1779"]
[BlackElo "1862"]
[PlyCount "81"]
[WhiteFideId "24639184"]
[BlackFideId "24672688"]
[EventCountry "GER"]
[EventRounds "9"]
[EventType "swiss"]
[EventDate "2009.05.30"]

1. e4 c5 2. Nc3 Nc6 3. f4 e6 4. Nf3 d5 5. Bb5 Nge7 6. e5 Bd7 7. d3 Nf5 8. O-O
d4 9. Ne4 Nxe5 10. fxe5 Bxb5 11. g4 Nh6 12. Bxh6 gxh6 13. Nf6+ Ke7 14. Nd2 Bc6
15. Nc4 Qc7 16. Nd6 Kd8 17. Nh5 Bxd6 18. exd6 Qxd6 19. Qd2 f5 20. Qxh6 Kc7 21.
Qf4 e5 22. Qxf5 Raf8 23. Nf6 Rhg8 24. Qxh7+ Kb6 25. Nxg8 Qd5 26. Qe4 Rxg8 27.
Qxd5 Rxg4+ 28. Kf2 Bxd5 29. Ke2 Rh4 30. Rf2 c4 31. a3 cxd3+ 32. cxd3 Rh3 33.
Kd2 Kb5 34. Re1 Rh5 35. Rfe2 e4 36. dxe4 Bc4 37. Rf2 Rh3 38. Kc1 Ka4 39. e5 Re3
40. Rxe3 dxe3 41. Rf4 1-0

[Event "DEM U16w 2009"]
[Site "Willingen GER"]
[Date "2009.06.01"]
[Round "3"]
[White "Schätz, Annika"]
[Black "Carow, Annelen"]
[Result "1-0"]
[Termination "normal"]
[Board "6"]
[WhiteElo "1763"]
[BlackElo "1661"]
[PlyCount "75"]
[WhiteFideId "24674796"]
[BlackFideId "24692492"]
[EventCountry "GER"]
[EventRounds "9"]
[EventType "swiss"]
[EventDate "2009.05.30"]

1. e4 e5 2. Nf3 Nc6 3. Bc4 Nf6 4. d4 exd4 5. O-O Nxe4 6. Re1 d5 7. Bxd5 Qxd5 8.
Nc3 Qa5 9. Nxe4 Be6 10. Neg5 O-O-O 11. Nxe6 fxe6 12. Rxe6 Qf5 13. Re2 Bd6 14.
Bg5 Rdf8 15. Bh4 Qg4 16. Bg3 Bxg3 17. fxg3 Rd8 18. Qd3 Rd7 19. Re4 Qh5 20. Nxd4
Rhd8 21. c3 Qc5 22. Rd1 Qb6 23. Rd2 g6 24. Qe3 Nxd4 25. Rexd4 Rxd4 26. Rxd4
Rxd4 27. Qxd4 Qxd4+ 28. cxd4 Kd7 29. Kf2 Ke6 30. Ke3 Kd5 31. h4 h6 32. g4 b5
33. g5 h5 34. g4 hxg4 35. Kf4 Kxd4 36. h5 c5 37. hxg6 c4 38. g7 1-0

[Event "DEM U16w 2009"]
[Site "Willingen GER"]
[Date "2009.06.01"]
[Round "3"]
[White "Harder, Anne"]
[Black "Wild, Katharina"]
[Result "0-1"]
[Termination "normal"]
[Board "7"]
[WhiteElo "1598"]
[BlackElo "1904"]
[PlyCount "76"]
[WhiteFideId "4614631"]
[BlackFideId "24678015"]
[EventCountry "GER"]
[EventRounds "9"]
[EventType "swiss"]
[EventDate "2009.05.30"]

1. e4 c6 2. d4 d5 3. e5 Bf5 4. Nf3 e6 5. Be2 Nd7 6. O-O c5 7. Be3 Rc8 8. c4
dxc4 9. Qa4 Ne7 10. Na3 Nc6 11. Nxc4 a6 12. Nd6+ Bxd6 13. exd6 cxd4 14. Nxd4
Nxd4 15. Bxd4 O-O 16. Qa3 e5 17. Be3 Nb6 18. Bc5 Nd7 19. Bb4 Re8 20. Rad1 Qg5
21. Bd2 Qg6 22. Rc1 Be4 23. f3 Rxc1 24. Rxc1 Bc6 25. Qd3 e4 26. Qa3 exf3 27.
Bxf3 Bxf3 28. Qxf3 Qxd6 29. Bf4 Qb6+ 30. Qf2 h6 31. Kf1 Qb5+ 32. Kg1 Re2 33.
Qg3 Qxb2 34. Bxh6 Qb6+ 35. Kf1 Qxh6 36. Rc8+ Nf8 37. Kxe2 Qe6+ 38. Qe3 Qxc8 0-1

[Event "DEM U16w 2009"]
[Site "Willingen GER"]
[Date "2009.06.01"]
[Round "3"]
[White "Velina, Valeria"]
[Black "Müller, Alexandra"]
[Result "1/2-1/2"]
[Termination "normal"]
[Board "8"]
[WhiteElo "1782"]
[BlackElo "1561"]
[PlyCount "78"]
[WhiteFideId "24677345"]
[BlackFideId "24691496"]
[EventCountry "GER"]
[EventRounds "9"]
[EventType "swiss"]
[EventDate "2009.05.30"]

1. e4 e5 2. Bc4 Nf6 3. d3 Bc5 4. Nf3 Nc6 5. c3 d6 6. O-O a6 7. Bb3 O-O 8. Re1
Ne7 9. Nbd2 Ng6 10. Nf1 Re8 11. Ng5 Re7 12. Ng3 h6 13. Nf3 Bg4 14. h3 Be6 15.
Nf5 Bxf5 16. exf5 Nf8 17. Nh4 Kh8 18. Qf3 Rb8 19. Bd2 N8d7 20. Re2 Bb6 21. Bc2
c6 22. Rae1 Qc7 23. g4 Rbe8 24. Qg3 Nf8 25. Nf3 N6d7 26. h4 Qd8 27. g5 h5 28.
g6 fxg6 29. fxg6 Qc7 30. d4 Nf6 31. dxe5 dxe5 32. Nxe5 Bxf2+ 33. Qxf2 Rxe5 34.
Rxe5 Rxe5 35. Rxe5 Qxe5 36. Qe3 Qxe3+ 37. Bxe3 Nd5 38. Kf2 Ne7 39. Bc5 Nfxg6
1/2-1/2

[Event "DEM U16w 2009"]
[Site "Willingen GER"]
[Date "2009.06.01"]
[Round "3"]
[White "Begeluri, Nino"]
[Black "Maiwald, Anja"]
[Result "1-0"]
[Termination "normal"]
[Board "9"]
[WhiteElo "1776"]
[BlackElo "1331"]
[PlyCount "43"]
[EventCountry "GER"]
[EventRounds "9"]
[EventType "swiss"]
[EventDate "2009.05.30"]

1. e4 c5 2. Nf3 Nc6 3. d4 cxd4 4. Nxd4 g6 5. c4 Bg7 6. Be3 Nf6 7. Nc3 O-O 8.
Be2 d6 9. O-O Bd7 10. Rc1 Rc8 11. Qd2 a5 12. f3 Nxd4 13. Bxd4 Bc6 14. Nd5 Nd7
15. Bxg7 Kxg7 16. Rc3 Nc5 17. Ra3 a4 18. b4 axb3 19. axb3 e6 20. Qb2+ Kg8 21.
Nf6+ Kg7 22. Ne8+ 1-0

[Event "DEM U16w 2009"]
[Site "Willingen GER"]
[Date "2009.06.01"]
[Round "3"]
[White "Sonnhalter, Stella"]
[Black "Grömping, Carolin"]
[Result "1/2-1/2"]
[Termination "normal"]
[Board "10"]
[WhiteElo "1766"]
[BlackElo "1475"]
[PlyCount "109"]
[WhiteFideId "4624815"]
[EventCountry "GER"]
[EventRounds "9"]
[EventType "swiss"]
[EventDate "2009.05.30"]

1. e4 d5 2. exd5 Qxd5 3. Nc3 Qd6 4. d4 Nf6 5. Nf3 a6 6. g3 Bg4 7. Bg2 c6 8. O-O
e6 9. Ne2 Bxf3 10. Bxf3 Be7 11. Bf4 Qd8 12. c4 O-O 13. Qb3 Qc8 14. Rac1 Nbd7
15. Rfd1 Re8 16. d5 Nc5 17. Qb6 Nfd7 18. Qa5 Bd8 19. Qd2 e5 20. Be3 e4 21. Bg4
Nd3 22. Rc2 Qc7 23. Nc3 N7c5 24. Bxc5 Nxc5 25. Be2 a5 26. Bf1 f5 27. d6 Qd7 28.
Qe3 Ne6 29. Bh3 g6 30. Ne2 Bg5 31. Qc3 Nc5 32. Bf1 Ne6 33. f4 Bd8 34. Kh1 Bb6
35. Qb3 Bc5 36. Rcd2 Bb4 37. Nc3 Nc5 38. Qc2 Ne6 39. a3 Bc5 40. Na4 Rad8 41.
Nxc5 Nxc5 42. b4 axb4 43. axb4 Ne6 44. c5 Rb8 45. Ra1 Qg7 46. Ra7 Kf8 47. Qc4
Qd7 48. b5 cxb5 49. Qb4 Nd8 50. Bxb5 Nc6 51. Bxc6 Qxc6 52. Kg1 e3 53. Re2 Qf3
54. Qb2 Qd5 55. Qc2 1/2-1/2

[Event "DEM U16w 2009"]
[Site "Willingen GER"]
[Date "2009.06.01"]
[Round "3"]
[White "Falke, Cynthia"]
[Black "Garny, Annica"]
[Result "1-0"]
[Termination "normal"]
[Board "11"]
[WhiteElo "1502"]
[BlackElo "1604"]
[PlyCount "87"]
[WhiteFideId "24600644"]
[BlackFideId "24600660"]
[EventCountry "GER"]
[EventRounds "9"]
[EventType "swiss"]
[EventDate "2009.05.30"]

1. e4 e5 2. Nf3 Nc6 3. Bc4 Bc5 4. d3 d6 5. Nc3 Nf6 6. a3 a6 7. Bg5 h6 8. Bxf6
Qxf6 9. Nd5 Qd8 10. Qd2 Bg4 11. Rg1 Qd7 12. Nh4 O-O-O 13. h3 Be6 14. O-O-O Rdf8
15. g4 g6 16. Rgf1 Qd8 17. Ng2 h5 18. f3 hxg4 19. hxg4 Kb8 20. Nde3 Qg5 21. Rh1
Nd4 22. Qf2 Bxc4 23. dxc4 f5 24. c3 Ne6 25. exf5 gxf5 26. gxf5 Rxh1 27. Rxh1
Rxf5 28. b4 Bb6 29. Kb2 Rf8 30. Qe2 Nf4 31. Nxf4 Qxf4 32. Nd5 Qxf3 33. Qxf3
Rxf3 34. Rh8+ Ka7 35. Ne7 a5 36. Nc8+ Kb8 37. Nxb6+ Ka7 38. Nc8+ Kb8 39. Nxd6+
Ka7 40. Nb5+ Kb6 41. bxa5+ Kxa5 42. Nxc7 e4 43. c5 b6 44. Ra8# 1-0

[Event "DEM U16w 2009"]
[Site "Willingen GER"]
[Date "2009.06.01"]
[Round "3"]
[White "Beier, Nina"]
[Black "Stark, Saskia"]
[Result "0-1"]
[Termination "normal"]
[Board "12"]
[WhiteElo "1393"]
[BlackElo "1936"]
[PlyCount "62"]
[WhiteFideId "24660434"]
[BlackFideId "4601050"]
[EventCountry "GER"]
[EventRounds "9"]
[EventType "swiss"]
[EventDate "2009.05.30"]

1. e4 c5 2. Nf3 e6 3. d4 cxd4 4. Nxd4 a6 5. Nc3 Qc7 6. Be3 Bb4 7. Bd2 Nf6 8. f3
b5 9. a4 Bc5 10. Nb3 Bd6 11. g3 b4 12. Na2 a5 13. Nd4 Bc5 14. Nb5 Qb6 15. Qe2
Ba6 16. c3 Nc6 17. cxb4 axb4 18. Qg2 Bxb5 19. Bxb5 Nd4 20. Kd1 Nxb5 21. Nxb4
Nd4 22. Nc2 Qxb2 23. Rc1 Nb3 24. Qe2 Nxc1 25. Bxc1 Qb6 26. Qc4 O-O 27. Re1 d5
28. exd5 Rfd8 29. Re5 Nxd5 30. Ke2 Qa6 31. Qxa6 Rxa6 0-1

[Event "DEM U16w 2009"]
[Site "Willingen GER"]
[Date "2009.06.01"]
[Round "3"]
[White "Jünger, Theresa"]
[Black "Rusch, Julia"]
[Result "1/2-1/2"]
[Termination "normal"]
[Board "13"]
[WhiteElo "1575"]
[BlackElo "1425"]
[PlyCount "44"]
[EventCountry "GER"]
[EventRounds "9"]
[EventType "swiss"]
[EventDate "2009.05.30"]

1. Nc3 c6 2. e4 d5 3. f4 d4 4. Nce2 c5 5. Ng3 Nf6 6. Bc4 Qa5 7. Nf3 Nc6 8. a3
Bg4 9. O-O b5 10. Bxf7+ Kxf7 11. e5 h5 12. exf6 exf6 13. Re1 Qc7 14. Qe2 Bd6
15. Qxb5 Rhe8 16. Rf1 Bxf3 17. Qb3+ Kf8 18. Qxf3 g6 19. d3 Kg7 20. Ne4 f5 21.
Nxd6 Qxd6 22. Bd2 Kf7 1/2-1/2

[Event "DEM U16w 2009"]
[Site "Willingen GER"]
[Date "2009.06.02"]
[Round "4"]
[White "Blübaum, Johanna"]
[Black "Endress, Anna"]
[Result "0-1"]
[Termination "normal"]
[Board "1"]
[WhiteElo "1951"]
[BlackElo "2066"]
[PlyCount "70"]
[WhiteFideId "24647373"]
[BlackFideId "24629472"]
[EventCountry "GER"]
[EventRounds "9"]
[EventType "swiss"]
[EventDate "2009.05.30"]

1. d4 d5 2. c4 c6 3. Nc3 Nf6 4. e3 e6 5. Nf3 Nbd7 6. Bd3 dxc4 7. Bxc4 b5 8. Bd3
Bb7 9. e4 b4 10. Na4 c5 11. e5 Nd5 12. Nxc5 Nxc5 13. dxc5 Bxc5 14. O-O h6 15.
Nd2 O-O 16. Ne4 Bd4 17. Nd6 Bc6 18. Bh7+ Kxh7 19. Qxd4 Qd7 20. Bd2 a5 21. Rac1
Bb5 22. Rfe1 f5 23. Rc5 Rab8 24. Rec1 Rfd8 25. a3 bxa3 26. bxa3 a4 27. Ba5 Rf8
28. Bc7 Nxc7 29. Rxc7 Qd8 30. Qa7 Qg5 31. f4 Qg6 32. Rb1 Bc6 33. Rxc6 Rxb1+ 34.
Kf2 Rb2+ 35. Ke3 Qxg2 0-1

[Event "DEM U16w 2009"]
[Site "Willingen GER"]
[Date "2009.06.02"]
[Round "4"]
[White "Smolkina, Milana"]
[Black "Bochis, Julia"]
[Result "1-0"]
[Termination "normal"]
[Board "2"]
[WhiteElo "1917"]
[BlackElo "2047"]
[PlyCount "81"]
[WhiteFideId "24618780"]
[BlackFideId "24647276"]
[EventCountry "GER"]
[EventRounds "9"]
[EventType "swiss"]
[EventDate "2009.05.30"]

1. e4 c5 2. Nf3 e6 3. d4 cxd4 4. Nxd4 Nc6 5. Nc3 Qc7 6. Be3 a6 7. Qd2 Nf6 8.
O-O-O Bb4 9. f3 Ne5 10. Nb3 b5 11. Qe1 Be7 12. f4 Ng6 13. e5 Ng4 14. Ne4 O-O
15. Bc5 Bb7 16. h3 Nh6 17. Bxe7 Nxe7 18. Bd3 Nd5 19. Qd2 Nf5 20. Rhe1 Qb6 21.
Nec5 Bc6 22. g4 Nfe7 23. f5 a5 24. f6 Ng6 25. fxg7 Kxg7 26. Qf2 a4 27. Nd4 a3
28. b3 Qa5 29. Ne4 Ndf4 30. h4 Bxe4 31. Bxe4 Rac8 32. Re3 h5 33. gxh5 Nxh5 34.
Rg1 Qb4 35. Rf3 Rc3 36. Bxg6 fxg6 37. Rxg6+ Kxg6 38. Rxf8 Qe7 39. Qg2+ Kh7 40.
Qg8+ Kh6 41. Rf7 1-0